000
00320nam a2200109Ia 4500
008
200302s9999 xx 000 0 und d
100
_a
Raphael Brandon and J. Arthur Brandon
245
_a
Masterpieces of Medieval Open Timber Roofs
260
_b
Dover Publication Inc mineola /New Yark
260
_c
1849
300
_a
104 P.,
999
_c
4137
_d
4137